00360 2200157 4500001002100000005001500021035002000036245003200056100001400088300001200102260003200114082000800146084001400154020002200168990001200190INLIS00000000000176720250505031820 a0010-05250000591 aSi Anak Cahaya /cTere Liye0 aTere Liye a421 hlm aJakarta :bRepublika,c2018 a813 a813 TER s a978-602-5734-54-0 a0754600